[Event "Blitz 2018"]
[Site "Saint-Petersburg"]
[Date "2018.12.29"]
[Round "11"]
[Board "33"]
[White "Popov Valerij (RUS)"]
[Black "Khismatullin Denis (RUS)"]
[Result "1-0"]
[LiveChessVersion "1.4.8"]
[BlackElo "2674"]
[WhiteElo "2574"]

1. c4 {[%clk 0:03:03]} e5 {[%clk 0:03:00]} 2. g3 {[%clk 0:03:04]} Nc6
{[%clk 0:03:00]} 3. Nc3 {[%clk 0:03:03]} Bc5 {[%clk 0:03:00]} 4. Bg2
{[%clk 0:03:02]} d6 {[%clk 0:03:01]} 5. e3 {[%clk 0:03:00]} a6 {[%clk 0:03:02]}
6. Nge2 {[%clk 0:03:00]} Ba7 {[%clk 0:03:02]} 7. d4 {[%clk 0:02:54]} h5
{[%clk 0:02:36]} 8. b4 {[%clk 0:02:08]} h4 {[%clk 0:02:14]} 9. Bb2
{[%clk 0:02:04]} exd4 {[%clk 0:01:36]} 10. exd4 {[%clk 0:01:54]} Nf6
{[%clk 0:01:29]} 11. a3 {[%clk 0:01:32]} Be6 {[%clk 0:00:47]} 12. Qd3
{[%clk 0:01:19]} Qd7 {[%clk 0:00:37]} 13. O-O-O {[%clk 0:01:03]} h3
{[%clk 0:00:18]} 14. Bxc6 {[%clk 0:00:48]} bxc6 {[%clk 0:00:17]} 15. Nf4
{[%clk 0:00:49]} Bf5 {[%clk 0:00:09]} 16. Rde1+ {[%clk 0:00:39]} Kf8
{[%clk 0:00:10]} 17. Qd2 {[%clk 0:00:37]} a5 {[%clk 0:00:10]} 18. f3
{[%clk 0:00:36]} axb4 {[%clk 0:00:11]} 19. axb4 {[%clk 0:00:38]} g5
{[%clk 0:00:08]} 20. g4 {[%clk 0:00:33]} gxf4 {[%clk 0:00:06]} 21. Qxf4
{[%clk 0:00:34]} Bd3 {[%clk 0:00:04]} 22. Qxf6 {[%clk 0:00:33]} Rh7
{[%clk 0:00:05]} 23. Ne4 {[%clk 0:00:27]} d5 {[%clk 0:00:04]} 24. Ng5
{[%clk 0:00:26]} dxc4 {[%clk 0:00:03]} 25. d5 {[%clk 0:00:20]} c3
{[%clk 0:00:03]} 26. Bxc3 {[%clk 0:00:20]} Kg8 {[%clk 0:00:03]} 27. Nxh7
{[%clk 0:00:20]} Kxh7 {[%clk 0:00:00]} 1-0

[Event "Blitz 2018"]
[Site "Saint-Petersburg"]
[Date "2018.12.29"]
[Round "11"]
[Board "34"]
[White "Kevlishvili Robby (NED)"]
[Black "Esipenko Andrey (RUS)"]
[Result "1-0"]
[LiveChessVersion "1.4.8"]
[BlackElo "2673"]
[WhiteElo "2530"]

1. e4 e5 2. Nf3 Nc6 3. Bb5 {[%clk 0:03:04]} g6 {[%clk 0:03:07]} 4. c3
{[%clk 0:03:02]} a6 {[%clk 0:03:09]} 5. Ba4 {[%clk 0:03:01]} Bg7 {[%clk 0:03:10]}
6. d4 {[%clk 0:02:59]} exd4 {[%clk 0:03:09]} 7. cxd4 {[%clk 0:03:00]} b5
{[%clk 0:03:09]} 8. Bc2 {[%clk 0:02:59]} Nge7 {[%clk 0:03:07]} 9. O-O
{[%clk 0:02:57]} d6 {[%clk 0:03:07]} 10. h3 {[%clk 0:02:55]} O-O {[%clk 0:03:07]}
11. Nc3 {[%clk 0:02:54]} Bb7 {[%clk 0:03:08]} 12. Re1 {[%clk 0:02:54]} Rc8
{[%clk 0:03:06]} 13. Bg5 {[%clk 0:02:46]} h6 {[%clk 0:02:49]} 14. Bh4
{[%clk 0:02:41]} g5 {[%clk 0:02:42]} 15. Bg3 {[%clk 0:02:42]} f5 {[%clk 0:02:27]}
16. exf5 {[%clk 0:02:38]} Nxf5 {[%clk 0:02:27]} 17. Bxf5 {[%clk 0:02:17]} Rxf5
{[%clk 0:02:28]} 18. d5 {[%clk 0:02:14]} Ne7 {[%clk 0:02:01]} 19. Nd4
{[%clk 0:02:02]} Bxd4 {[%clk 0:01:42]} 20. Qxd4 {[%clk 0:02:02]} Nxd5
{[%clk 0:01:42]} 21. Re6 {[%clk 0:01:58]} Qf8 {[%clk 0:01:38]} 22. Rae1
{[%clk 0:01:39]} Nxc3 {[%clk 0:01:21]} 23. Qxc3 {[%clk 0:01:29]} Bd5
{[%clk 0:01:21]} 24. R6e2 {[%clk 0:01:09]} Bc4 {[%clk 0:01:15]} 25. Re3
{[%clk 0:01:04]} Qg7 {[%clk 0:01:04]} 26. Qc2 {[%clk 0:00:47]} Rff8
{[%clk 0:00:59]} 27. b3 {[%clk 0:00:46]} Bd5 {[%clk 0:00:50]} 28. Re7
{[%clk 0:00:46]} Rf7 {[%clk 0:00:48]} 29. Bxd6 {[%clk 0:00:42]} Rcf8
{[%clk 0:00:05]} 30. Rxf7 {[%clk 0:00:41]} Qxf7 31. Bxf8 {[%clk 0:00:40]} Kxf8
{[%clk 0:00:04]} 32. Qc5+ {[%clk 0:00:40]} Kg8 {[%clk 0:00:05]} 33. Re7
{[%clk 0:00:40]} Qf5 {[%clk 0:00:05]} 34. Qxc7 {[%clk 0:00:37]} 1-0

[Event "Blitz 2018"]
[Site "Saint-Petersburg"]
[Date "2018.12.29"]
[Round "11"]
[Board "35"]
[White "Vallejo Pons Francisco (ESP)"]
[Black "Miton Kamil (POL)"]
[Result "1-0"]
[LiveChessVersion "1.4.8"]
[BlackElo "2520"]
[WhiteElo "2673"]

1. d4 {[%clk 0:03:02]} Nf6 {[%clk 0:03:02]} 2. c4 {[%clk 0:03:03]} e6
{[%clk 0:03:03]} 3. Nc3 {[%clk 0:03:04]} Bb4 {[%clk 0:03:03]} 4. Qc2
{[%clk 0:03:04]} O-O {[%clk 0:02:59]} 5. e4 {[%clk 0:03:05]} d6 {[%clk 0:02:58]}
6. e5 {[%clk 0:03:02]} dxe5 {[%clk 0:02:45]} 7. dxe5 {[%clk 0:03:03]} Nfd7
{[%clk 0:02:45]} 8. Nf3 {[%clk 0:03:03]} h6 {[%clk 0:02:42]} 9. Bf4
{[%clk 0:02:45]} Nc6 {[%clk 0:02:38]} 10. O-O-O {[%clk 0:02:40]} Bxc3
{[%clk 0:02:17]} 11. Qxc3 {[%clk 0:02:37]} Qe7 {[%clk 0:02:18]} 12. Bd3
{[%clk 0:02:15]} Nc5 {[%clk 0:02:17]} 13. Bc2 {[%clk 0:01:59]} a5
{[%clk 0:02:10]} 14. Nd4 {[%clk 0:01:49]} Nb4 {[%clk 0:01:38]} 15. Bb1
{[%clk 0:01:42]} b5 {[%clk 0:00:58]} 16. cxb5 {[%clk 0:01:28]} Bb7
{[%clk 0:00:51]} 17. a3 {[%clk 0:01:21]} Ne4 {[%clk 0:00:36]} 18. Qe3
{[%clk 0:01:02]} Qc5+ {[%clk 0:00:17]} 19. Nc2 {[%clk 0:01:03]} Nxc2
{[%clk 0:00:07]} 20. Bxc2 {[%clk 0:00:56]} Qc4 {[%clk 0:00:05]} 21. Rd4
{[%clk 0:00:48]} Qa2 {[%clk 0:00:05]} 22. Bb1 {[%clk 0:00:43]} Qa1
{[%clk 0:00:05]} 23. Rxe4 {[%clk 0:00:44]} 1-0

[Event "Blitz 2018"]
[Site "Saint-Petersburg"]
[Date "2018.12.29"]
[Round "11"]
[Board "36"]
[White "Bazeev German (RUS)"]
[Black "Salem A.R. Saleh (UAE)"]
[Result "1-0"]
[LiveChessVersion "1.4.8"]
[BlackElo "2645"]
[WhiteElo "2422"]

1. d4 {[%clk 0:03:03]} Nf6 {[%clk 0:03:04]} 2. Nf3 {[%clk 0:03:04]} g6
{[%clk 0:03:05]} 3. c4 {[%clk 0:03:05]} Bg7 {[%clk 0:03:06]} 4. g3
{[%clk 0:03:07]} d5 {[%clk 0:03:08]} 5. cxd5 {[%clk 0:03:05]} Nxd5
{[%clk 0:03:09]} 6. Bg2 {[%clk 0:03:06]} Nb6 {[%clk 0:03:10]} 7. O-O
{[%clk 0:03:06]} Nc6 {[%clk 0:03:11]} 8. e3 {[%clk 0:03:07]} O-O {[%clk 0:03:12]}
9. Bd2 {[%clk 0:03:09]} Re8 {[%clk 0:03:10]} 10. Bc3 {[%clk 0:03:08]} Nd5
{[%clk 0:03:11]} 11. Be1 {[%clk 0:03:09]} Nb6 {[%clk 0:02:56]} 12. Nc3
{[%clk 0:02:58]} Be6 {[%clk 0:02:33]} 13. b3 {[%clk 0:02:52]} a5 {[%clk 0:02:32]}
14. Ng5 {[%clk 0:02:51]} Bd7 {[%clk 0:02:34]} 15. Nge4 {[%clk 0:02:50]} Qc8
{[%clk 0:02:12]} 16. Rc1 {[%clk 0:02:27]} Bh3 {[%clk 0:02:09]} 17. d5
{[%clk 0:02:26]} Bxg2 {[%clk 0:01:46]} 18. Kxg2 {[%clk 0:02:27]} Nb4
{[%clk 0:01:43]} 19. a3 {[%clk 0:02:16]} Na6 {[%clk 0:01:44]} 20. Qf3
{[%clk 0:01:52]} Qf5 {[%clk 0:01:43]} 21. Nb5 {[%clk 0:01:20]} Nxd5
{[%clk 0:01:34]} 22. Bxa5 {[%clk 0:01:19]} c6 {[%clk 0:01:31]} 23. Nd4
{[%clk 0:01:13]} Bxd4 {[%clk 0:01:00]} 24. exd4 {[%clk 0:01:14]} Qxf3+
{[%clk 0:00:59]} 25. Kxf3 {[%clk 0:01:14]} Nb8 {[%clk 0:00:58]} 26. Bb4
{[%clk 0:01:09]} Nd7 {[%clk 0:00:42]} 27. Rfe1 {[%clk 0:01:06]} Nxb4
{[%clk 0:00:39]} 28. axb4 {[%clk 0:01:08]} Ra3 {[%clk 0:00:21]} 29. Re3
{[%clk 0:01:08]} Kf8 {[%clk 0:00:21]} 30. b5 {[%clk 0:01:08]} Rc8
{[%clk 0:00:16]} 31. d5 {[%clk 0:01:02]} c5 {[%clk 0:00:17]} 32. d6
{[%clk 0:01:00]} e6 {[%clk 0:00:09]} 33. b4 {[%clk 0:00:59]} Rxe3+
{[%clk 0:00:06]} 34. Kxe3 {[%clk 0:00:59]} c4 {[%clk 0:00:03]} 35. Nc5
{[%clk 0:00:58]} Nb6 {[%clk 0:00:03]} 36. Nxb7 {[%clk 0:00:53]} c3
{[%clk 0:00:04]} 37. Nc5 {[%clk 0:00:53]} Rd8 {[%clk 0:00:05]} 38. d7
{[%clk 0:00:50]} Ke7 {[%clk 0:00:05]} 39. Kd3 {[%clk 0:00:44]} Nd5
{[%clk 0:00:06]} 40. Kc4 {[%clk 0:00:44]} Ra8 {[%clk 0:00:06]} 41. Ne4
{[%clk 0:00:34]} Kxd7 {[%clk 0:00:05]} 42. Nxc3 {[%clk 0:00:34]} Nb6+
{[%clk 0:00:03]} 43. Kb3 {[%clk 0:00:35]} Ke7 {[%clk 0:00:03]} 44. Ne4
{[%clk 0:00:33]} Nd5 {[%clk 0:00:05]} 45. Rc6 {[%clk 0:00:33]} Rb8
{[%clk 0:00:04]} 46. Ra6 {[%clk 0:00:25]} Rxb5 {[%clk 0:00:03]} 47. Ra7+
{[%clk 0:00:26]} Kd8 {[%clk 0:00:03]} 48. Ra4 {[%clk 0:00:20]} Ke7
{[%clk 0:00:04]} 49. Kc4 {[%clk 0:00:20]} Rb7 {[%clk 0:00:04]} 50. Kb3
{[%clk 0:00:18]} f5 {[%clk 0:00:03]} 51. Nc5 {[%clk 0:00:19]} Rb6
{[%clk 0:00:04]} 52. Kc4 {[%clk 0:00:17]} Kf6 {[%clk 0:00:04]} 53. b5
{[%clk 0:00:19]} Kg5 {[%clk 0:00:04]} 54. Ra6 {[%clk 0:00:20]} Rb8
{[%clk 0:00:04]} 55. Nxe6+ {[%clk 0:00:18]} Kg4 {[%clk 0:00:05]} 56. Kxd5 Rxb5+
57. Kd6 {[%clk 0:00:14]} Rb2 {[%clk 0:00:08]} 58. Ra4+ {[%clk 0:00:11]} Kf3
{[%clk 0:00:05]} 59. Rf4+ {[%clk 0:00:11]} Kg2 {[%clk 0:00:06]} 60. Rh4
{[%clk 0:00:11]} h5 {[%clk 0:00:06]} 61. Nf8 {[%clk 0:00:11]} Kxf2
{[%clk 0:00:07]} 62. Nxg6 {[%clk 0:00:12]} Rb6+ {[%clk 0:00:08]} 63. Ke5
{[%clk 0:00:12]} Rxg6 {[%clk 0:00:09]} 64. Kxf5 {[%clk 0:00:13]} Ra6
{[%clk 0:00:06]} 65. Rxh5 {[%clk 0:00:12]} Kf3 {[%clk 0:00:07]} 66. Rh4
{[%clk 0:00:12]} Ra5+ {[%clk 0:00:06]} 67. Kg6 {[%clk 0:00:13]} Kg2
{[%clk 0:00:07]} 68. g4 {[%clk 0:00:13]} Ra4 {[%clk 0:00:07]} 69. Kh5
{[%clk 0:00:13]} Ra8 {[%clk 0:00:04]} 70. g5 {[%clk 0:00:12]} Rh8+
{[%clk 0:00:03]} 71. Kg4 {[%clk 0:00:13]} Ra8 {[%clk 0:00:03]} 72. g6 1-0

[Event "Blitz 2018"]
[Site "Saint-Petersburg"]
[Date "2018.12.29"]
[Round "11"]
[Board "37"]
[White "Indjic Aleksandar (SRB)"]
[Black "Zhigalko Andrey (BLR)"]
[Result "1-0"]
[LiveChessVersion "1.4.8"]
[BlackElo "2493"]
[WhiteElo "2643"]

1. Nc3 {[%clk 0:03:00]} c5 {[%clk 0:03:01]} 2. e4 {[%clk 0:03:00]} Nc6
{[%clk 0:02:59]} 3. Bb5 {[%clk 0:03:01]} Nd4 {[%clk 0:03:00]} 4. Nf3
{[%clk 0:02:59]} e6 {[%clk 0:03:00]} 5. Nxd4 {[%clk 0:02:59]} cxd4
{[%clk 0:03:01]} 6. Ne2 {[%clk 0:03:00]} Qg5 {[%clk 0:03:02]} 7. a4
{[%clk 0:02:45]} Qxg2 {[%clk 0:02:46]} 8. Ng3 {[%clk 0:02:45]} Qh3
{[%clk 0:02:39]} 9. Bf1 {[%clk 0:02:25]} Qh4 {[%clk 0:02:37]} 10. Bg2
{[%clk 0:02:26]} Ne7 {[%clk 0:02:26]} 11. c3 {[%clk 0:02:27]} Nc6
{[%clk 0:02:10]} 12. O-O {[%clk 0:02:27]} Bd6 {[%clk 0:02:01]} 13. b4
{[%clk 0:02:27]} a6 {[%clk 0:01:44]} 14. Bb2 {[%clk 0:02:08]} Bf4
{[%clk 0:00:34]} 15. cxd4 {[%clk 0:02:04]} Nxb4 {[%clk 0:00:27]} 16. Bc3
{[%clk 0:01:59]} a5 {[%clk 0:00:24]} 17. Qf3 {[%clk 0:01:59]} O-O
{[%clk 0:00:21]} 18. h3 {[%clk 0:01:51]} d5 {[%clk 0:00:20]} 19. d3
{[%clk 0:01:12]} Bd7 {[%clk 0:00:19]} 20. Rfb1 {[%clk 0:01:13]} Rfc8
{[%clk 0:00:16]} 21. Bxb4 {[%clk 0:01:13]} axb4 {[%clk 0:00:17]} 22. Rxb4
{[%clk 0:01:07]} Rc7 {[%clk 0:00:16]} 23. Ne2 {[%clk 0:01:00]} Bd2
{[%clk 0:00:13]} 24. Rb2 {[%clk 0:00:58]} Ba5 {[%clk 0:00:12]} 25. exd5
{[%clk 0:00:50]} exd5 {[%clk 0:00:13]} 26. Qxd5 {[%clk 0:00:46]} Bc6
{[%clk 0:00:13]} 27. Qd6 {[%clk 0:00:43]} Rd8 {[%clk 0:00:09]} 28. Qg3
{[%clk 0:00:43]} Qf6 {[%clk 0:00:06]} 29. Rab1 {[%clk 0:00:42]} Bxg2
{[%clk 0:00:06]} 30. Qxg2 {[%clk 0:00:42]} b6 {[%clk 0:00:06]} 31. Rb5
{[%clk 0:00:31]} g6 {[%clk 0:00:05]} 32. Rd5 {[%clk 0:00:29]} Re8
{[%clk 0:00:05]} 33. Ng3 {[%clk 0:00:31]} Rc2 {[%clk 0:00:03]} 34. Ne4 Qf4 35.
Qg3 {[%clk 0:00:23]} Qxg3+ {[%clk 0:00:04]} 36. fxg3 {[%clk 0:00:23]} Kg7
{[%clk 0:00:05]} 37. Rf1 {[%clk 0:00:24]} Re7 {[%clk 0:00:05]} 38. g4
{[%clk 0:00:24]} h6 {[%clk 0:00:05]} 39. h4 {[%clk 0:00:25]} Ra2 {[%clk 0:00:05]}
40. g5 {[%clk 0:00:24]} hxg5 41. hxg5 {[%clk 0:00:25]} Bd2 {[%clk 0:00:03]} 42.
Rd8 {[%clk 0:00:12]} Be3+ {[%clk 0:00:03]} 43. Kh1 {[%clk 0:00:14]} 1-0

[Event "Blitz 2018"]
[Site "Saint-Petersburg"]
[Date "2018.12.29"]
[Round "11"]
[Board "38"]
[White "Roiz Michael (ISR)"]
[Black "Timofeev Artyom (RUS)"]
[Result "1/2-1/2"]
[LiveChessVersion "1.4.8"]
[BlackElo "2568"]
[WhiteElo "2617"]

1. Nf3 {[%clk 0:03:03]} c5 {[%clk 0:03:03]} 2. c4 {[%clk 0:03:04]} Nf6
{[%clk 0:03:03]} 3. Nc3 {[%clk 0:03:04]} d5 {[%clk 0:03:03]} 4. cxd5
{[%clk 0:03:04]} Nxd5 {[%clk 0:03:04]} 5. e3 {[%clk 0:03:05]} e6 {[%clk 0:03:00]}
6. Bc4 {[%clk 0:03:01]} Be7 {[%clk 0:03:00]} 7. O-O {[%clk 0:03:01]} O-O
{[%clk 0:03:00]} 8. d4 {[%clk 0:03:02]} Nxc3 {[%clk 0:02:57]} 9. bxc3
{[%clk 0:03:02]} Qc7 {[%clk 0:02:58]} 10. Bd3 {[%clk 0:02:55]} b6
{[%clk 0:02:57]} 11. e4 {[%clk 0:02:43]} Ba6 {[%clk 0:02:57]} 12. Bxa6
{[%clk 0:02:19]} Nxa6 {[%clk 0:02:57]} 13. Qe2 {[%clk 0:02:19]} 1/2-1/2

[Event "Blitz 2018"]
[Site "Saint-Petersburg"]
[Date "2018.12.29"]
[Round "11"]
[Board "39"]
[White "Fridman Daniel (GER)"]
[Black "Jakovenko Dmitry (RUS)"]
[Result "0-1"]
[LiveChessVersion "1.4.8"]
[BlackElo "2616"]
[WhiteElo "2530"]

1. d4 {[%clk 0:03:02]} Nf6 {[%clk 0:03:04]} 2. Nf3 e6 3. c4 {[%clk 0:03:04]} b6
{[%clk 0:03:06]} 4. g3 {[%clk 0:03:04]} Ba6 {[%clk 0:03:06]} 5. b3
{[%clk 0:03:04]} d5 {[%clk 0:03:06]} 6. cxd5 {[%clk 0:03:01]} exd5
{[%clk 0:03:06]} 7. Bg2 {[%clk 0:03:02]} Bb4+ {[%clk 0:03:06]} 8. Bd2
{[%clk 0:03:01]} Bxd2+ {[%clk 0:03:07]} 9. Qxd2 {[%clk 0:02:58]} Ne4
{[%clk 0:03:08]} 10. Qc2 {[%clk 0:02:56]} O-O {[%clk 0:03:05]} 11. O-O
{[%clk 0:02:52]} c5 {[%clk 0:02:59]} 12. Rd1 {[%clk 0:02:51]} Nc6
{[%clk 0:02:56]} 13. dxc5 {[%clk 0:02:16]} bxc5 {[%clk 0:02:51]} 14. a3
{[%clk 0:02:13]} Re8 {[%clk 0:02:42]} 15. b4 {[%clk 0:00:59]} Qf6
{[%clk 0:02:38]} 16. Ra2 {[%clk 0:00:54]} Nd4 {[%clk 0:02:34]} 17. Rxd4
{[%clk 0:00:18]} cxd4 {[%clk 0:02:33]} 18. a4 {[%clk 0:00:13]} Rac8
{[%clk 0:02:25]} 19. Qb3 {[%clk 0:00:14]} Bc4 {[%clk 0:02:25]} 0-1

[Event "Blitz 2018"]
[Site "Saint-Petersburg"]
[Date "2018.12.29"]
[Round "11"]
[Board "40"]
[White "Nihal Sarin (IND)"]
[Black "Motylev Alexander (RUS)"]
[Result "1-0"]
[LiveChessVersion "1.4.8"]
[BlackElo "2609"]
[WhiteElo "2506"]

1. e4 {[%clk 0:03:02]} e5 {[%clk 0:03:01]} 2. Nf3 {[%clk 0:03:02]} Nc6
{[%clk 0:03:01]} 3. Bc4 {[%clk 0:03:01]} Nf6 {[%clk 0:03:01]} 4. d3
{[%clk 0:03:02]} h6 {[%clk 0:02:54]} 5. c3 {[%clk 0:02:53]} d6 {[%clk 0:02:55]}
6. O-O {[%clk 0:02:49]} g5 {[%clk 0:02:56]} 7. Re1 {[%clk 0:02:44]} Bg7
{[%clk 0:02:55]} 8. a4 {[%clk 0:02:44]} O-O {[%clk 0:02:50]} 9. Na3
{[%clk 0:02:43]} Ne7 {[%clk 0:02:47]} 10. Nc2 {[%clk 0:02:37]} c6
{[%clk 0:02:47]} 11. Bb3 {[%clk 0:02:33]} Ng6 {[%clk 0:02:47]} 12. Ne3
{[%clk 0:02:31]} Be6 {[%clk 0:02:47]} 13. a5 {[%clk 0:02:23]} Qd7
{[%clk 0:02:47]} 14. Bc2 {[%clk 0:01:59]} d5 {[%clk 0:02:46]} 15. exd5
{[%clk 0:01:49]} cxd5 {[%clk 0:02:46]} 16. Nf1 {[%clk 0:01:50]} Nh7
{[%clk 0:02:34]} 17. a6 {[%clk 0:01:33]} b5 {[%clk 0:02:33]} 18. d4
{[%clk 0:01:10]} e4 {[%clk 0:02:33]} 19. N3d2 {[%clk 0:01:11]} f5
{[%clk 0:02:34]} 20. Nb3 {[%clk 0:01:12]} Qc6 {[%clk 0:02:21]} 21. Nc5
{[%clk 0:01:11]} Bc8 {[%clk 0:02:22]} 22. Bb3 {[%clk 0:00:59]} Kh8
{[%clk 0:02:21]} 23. f3 {[%clk 0:00:47]} Nf6 {[%clk 0:02:10]} 24. Qe2
{[%clk 0:00:38]} Re8 {[%clk 0:02:05]} 25. fxe4 {[%clk 0:00:25]} dxe4
{[%clk 0:02:01]} 26. Ne3 {[%clk 0:00:16]} f4 {[%clk 0:01:54]} 27. Nc2
{[%clk 0:00:18]} Bg4 {[%clk 0:01:51]} 28. Nb4 {[%clk 0:00:13]} Qb6
{[%clk 0:01:35]} 29. Qf1 {[%clk 0:00:14]} Ne5 {[%clk 0:01:14]} 30. Nd5
{[%clk 0:00:08]} Nxd5 {[%clk 0:01:07]} 31. Bxd5 {[%clk 0:00:09]} e3
{[%clk 0:01:06]} 32. Bxa8 {[%clk 0:00:07]} Rxa8 {[%clk 0:01:07]} 33. Bxe3 fxe3
{[%clk 0:01:07]} 34. Rxe3 {[%clk 0:00:10]} Rf8 {[%clk 0:01:01]} 35. Qe1
{[%clk 0:00:11]} Nc4 {[%clk 0:00:43]} 36. Re8 {[%clk 0:00:10]} Qd6
{[%clk 0:00:42]} 37. Qe7 {[%clk 0:00:08]} Qxe7 {[%clk 0:00:26]} 38. Rxe7
{[%clk 0:00:09]} Ra8 {[%clk 0:00:25]} 39. h3 {[%clk 0:00:09]} Bh5
{[%clk 0:00:25]} 40. b3 {[%clk 0:00:08]} Nd2 {[%clk 0:00:25]} 41. Rae1
{[%clk 0:00:08]} b4 {[%clk 0:00:26]} 42. Ne6 {[%clk 0:00:08]} Bf6
{[%clk 0:00:26]} 43. Rc7 {[%clk 0:00:08]} Nxb3 {[%clk 0:00:24]} 44. Rf1
{[%clk 0:00:07]} Nd2 {[%clk 0:00:05]} 45. Rxf6 b3 46. Rxh6+ {[%clk 0:00:08]} 1-0

[Event "Blitz 2018"]
[Site "Saint-Petersburg"]
[Date "2018.12.29"]
[Round "11"]
[Board "41"]
[White "Belozerov Andrei (RUS)"]
[Black "Tari Aryan (NOR)"]
[Result "1/2-1/2"]
[LiveChessVersion "1.4.8"]
[BlackElo "2608"]
[WhiteElo "2518"]

1. e4 {[%clk 0:03:02]} e5 {[%clk 0:03:03]} 2. Nf3 {[%clk 0:03:02]} Nc6
{[%clk 0:03:04]} 3. Nc3 {[%clk 0:03:03]} Nf6 {[%clk 0:03:05]} 4. Bc4
{[%clk 0:03:04]} Nxe4 {[%clk 0:02:55]} 5. Nxe4 {[%clk 0:03:05]} d5
{[%clk 0:02:56]} 6. Bd3 {[%clk 0:03:06]} dxe4 {[%clk 0:02:57]} 7. Bxe4
{[%clk 0:03:06]} Bd6 {[%clk 0:02:47]} 8. O-O {[%clk 0:03:06]} O-O
{[%clk 0:02:46]} 9. Re1 {[%clk 0:03:07]} Re8 {[%clk 0:02:32]} 10. c3
{[%clk 0:03:04]} f5 {[%clk 0:01:55]} 11. Bd5+ {[%clk 0:03:01]} Kh8
{[%clk 0:01:56]} 12. d3 {[%clk 0:02:59]} Be6 {[%clk 0:01:43]} 13. Bxc6
{[%clk 0:02:17]} bxc6 {[%clk 0:01:44]} 14. Nxe5 {[%clk 0:02:15]} Qf6
{[%clk 0:01:45]} 15. d4 {[%clk 0:02:07]} Bd5 {[%clk 0:01:46]} 16. c4
{[%clk 0:01:40]} Bg8 {[%clk 0:01:44]} 17. Bf4 {[%clk 0:01:31]} Bxc4
{[%clk 0:01:38]} 18. Nxc4 {[%clk 0:01:16]} Bxf4 {[%clk 0:01:37]} 19. Qf3
{[%clk 0:01:11]} Bd6 {[%clk 0:00:56]} 20. Nxd6 {[%clk 0:01:10]} Qxd6
{[%clk 0:00:53]} 21. Qxf5 {[%clk 0:00:56]} Qxd4 {[%clk 0:00:55]} 22. b3
{[%clk 0:00:54]} a5 {[%clk 0:00:45]} 23. Qc2 {[%clk 0:00:43]} Rf8
{[%clk 0:00:38]} 24. Rad1 {[%clk 0:00:41]} Qf4 {[%clk 0:00:36]} 25. g3
{[%clk 0:00:40]} Qf6 {[%clk 0:00:36]} 26. Re4 {[%clk 0:00:36]} h6
{[%clk 0:00:32]} 27. Rde1 {[%clk 0:00:36]} Qf5 {[%clk 0:00:19]} 28. Rc4
{[%clk 0:00:34]} Qxc2 {[%clk 0:00:17]} 29. Rxc2 a4 30. Rxc6 {[%clk 0:00:33]} axb3
{[%clk 0:00:20]} 31. axb3 {[%clk 0:00:34]} Rfb8 {[%clk 0:00:19]} 32. Re3
{[%clk 0:00:32]} Ra3 {[%clk 0:00:20]} 33. Rxc7 {[%clk 0:00:30]} Raxb3
{[%clk 0:00:20]} 34. Ree7 {[%clk 0:00:31]} Rg8 {[%clk 0:00:22]} 35. h4
{[%clk 0:00:31]} Rb5 {[%clk 0:00:22]} 36. Kg2 {[%clk 0:00:32]} Kh7
{[%clk 0:00:23]} 37. g4 {[%clk 0:00:31]} Rd5 {[%clk 0:00:20]} 38. Kg3
{[%clk 0:00:32]} Rb5 {[%clk 0:00:20]} 39. f3 {[%clk 0:00:27]} Kh8
{[%clk 0:00:21]} 40. Rf7 {[%clk 0:00:22]} Rb3 {[%clk 0:00:23]} 41. g5
{[%clk 0:00:22]} Kh7 {[%clk 0:00:21]} 42. Kg4 {[%clk 0:00:22]} Rb1
{[%clk 0:00:20]} 43. f4 {[%clk 0:00:21]} Rb4 {[%clk 0:00:16]} 44. Rfd7
{[%clk 0:00:20]} hxg5 {[%clk 0:00:12]} 45. hxg5 {[%clk 0:00:21]} Rb1
{[%clk 0:00:14]} 46. f5 {[%clk 0:00:17]} Rg1+ {[%clk 0:00:14]} 47. Kf4
{[%clk 0:00:18]} Rf1+ {[%clk 0:00:16]} 48. Kg4 {[%clk 0:00:15]} Rg1+
{[%clk 0:00:17]} 49. Kh4 {[%clk 0:00:16]} Rh1+ {[%clk 0:00:18]} 50. Kg3
{[%clk 0:00:17]} Rg1+ {[%clk 0:00:19]} 51. Kf4 Rf1+ 52. Ke5 {[%clk 0:00:17]} Rg1
{[%clk 0:00:10]} 53. g6+ {[%clk 0:00:16]} Kh6 {[%clk 0:00:12]} 54. Re7
{[%clk 0:00:15]} Rf1 {[%clk 0:00:11]} 55. Rc3 {[%clk 0:00:15]} Rf8
{[%clk 0:00:12]} 56. Rf7 {[%clk 0:00:15]} Re8+ {[%clk 0:00:13]} 57. Kd6
{[%clk 0:00:15]} Rd1+ {[%clk 0:00:14]} 58. Kc7 {[%clk 0:00:15]} Rd5
{[%clk 0:00:14]} 59. Rh3+ {[%clk 0:00:15]} Kg5 {[%clk 0:00:16]} 60. Rf3
{[%clk 0:00:12]} Kh6 {[%clk 0:00:12]} 61. Rf1 {[%clk 0:00:13]} Ra8
{[%clk 0:00:08]} 62. Kc6 {[%clk 0:00:14]} Re5 {[%clk 0:00:09]} 63. Kd6
{[%clk 0:00:14]} Rae8 {[%clk 0:00:11]} 64. Rf2 {[%clk 0:00:11]} Kg5
{[%clk 0:00:11]} 65. Rxg7 {[%clk 0:00:09]} Rxf5 {[%clk 0:00:12]} 66. Rxf5+
{[%clk 0:00:09]} Kxf5 {[%clk 0:00:13]} 67. Re7 {[%clk 0:00:09]} Rxe7
{[%clk 0:00:14]} 68. Kxe7 {[%clk 0:00:10]} Kxg6 1/2-1/2